| 000 | 00962nam a22002531 4500 | ||
|---|---|---|---|
| 005 | 20090601124128.0 | ||
| 008 | 721219s1962 nyu 000 0 eng | ||
| 010 | _aENG-93795 | ||
| 020 |
_a9788131305034 _c795.00 |
||
| 035 | _aEN-77328 | ||
| 037 | _bDBAD / PUB | ||
| 040 |
_adpl _bEnglish |
||
| 082 | _a363.7384 | ||
| 245 |
_aEnvironmental toxicology / _cedited by Sunil P. Trivedi...[et al] |
||
| 260 |
_aNew Delhi _bAPH Publishing _c2009 |
||
| 270 |
_a4435-36/7, Ansari Road, Daryaganj, _bNew Delhi _e110002 |
||
| 300 |
_ax, 200 p. _c23cm(Hb) |
||
| 500 | _aIncludes references and index | ||
| 650 | _aEnvironmental toxicology | ||
| 700 | _aTrivedi, Sunil P. | ||
| 942 |
_cEN _mENV _2ddc _h363.7384 |
||
| 999 |
_c27085 _d27085 |
||